[Event "RUS-chT2"]
[Site "Sochi"]
[Date "2018.05.07"]
[Round "6.10"]
[White "Airapetian, Gor"]
[Black "Pavlov, Oleg Yuryevich"]
[Result "1-0"]
[WhiteElo "2437"]
[BlackElo "2145"]
[PlyCount "85"]
[EventDate "2018.05.01"]
[EventType "team-swiss"]
[EventRounds "9"]
[EventCountry "RUS"]
[SourceTitle "CBM 184 Extra"]
[Source "ChessBase"]
[SourceDate "2018.06.28"]
[SourceVersion "1"]
[SourceVersionDate "2018.06.28"]
[SourceQuality "1"]
[WhiteTeam "Lipetsk Region"]
[BlackTeam "Krasnoyarsk Territory"]
[WhiteTeamCountry "RUS"]
[BlackTeamCountry "RUS"]

1. d4 e6 2. c4 Nf6 3. Nf3 d5 4. g3 Be7 5. Bg2 0-0 6. 0-0 dxc4 7. Qc2 a6 8. a4 Bd7 9. Qxc4 Bc6 10. Bg5 b5 11. Qc2 Be4 12. Qc1 Nc6 13. Nc3 Bxf3 14. Bxf3 Nxd4 15. Bxa8 Qxa8 16. Bxf6 Bxf6 17. axb5 Nb3 18. Qc2 Nxa1 19. Rxa1 a5 20. Qa4 Qb7 21. Qxa5 h6 22. Qa7 Rb8 23. Qc5 Bxc3 24. bxc3 Qxb5 25. Qxc7 Qb2 26. Rd1 Rf8 27. Qc4 Qb7 28. Qd4 Rc8 29. c4 Qb4 30. Rc1 Rc5 31. h4 h5 32. Qd8+ Kh7 33. Qd3+ g6 34. Qc3 Qb6 35. Ra1 e5 36. Qd3 Qc6 37. Rc1 Kg7 38. Qc3 Kg8 39. Kh2 Qe4 40. Qd3 Qc6 41. Rb1 Rxc4 42. Qd8+ Kh7 43. Rb8 1-0

[Event "RUS-ch rapid"]
[Site "Sochi"]
[Date "2017.09.30"]
[Round "4"]
[White "Pavlov, Oleg Yuryevich"]
[Black "Potapov, Pavel"]
[Result "0-1"]
[WhiteElo "2241"]
[BlackElo "2479"]
[PlyCount "62"]
[EventDate "2017.09.30"]
[EventType "swiss (rapid)"]
[EventRounds "11"]
[EventCountry "RUS"]
[SourceTitle "EXT 2018"]
[Source "ChessBase"]
[SourceDate "2017.10.13"]
[SourceVersion "1"]
[SourceVersionDate "2017.10.13"]
[SourceQuality "1"]

1. d4 f5 2. g3 Nf6 3. Bg2 g6 4. Nf3 Bg7 5. 0-0 0-0 6. b3 d6 7. Bb2 Ne4 8. Nbd2 Nc6 9. c4 Nxd2 10. Qxd2 e5 11. dxe5 dxe5 12. Qd5+ Kh8 13. Qxd8 Rxd8 14. Ng5 Rd2 15. Bc3 Rc2 16. Rac1 Rxc1 17. Rxc1 e4 18. f3 h6 19. Nh3 Nd4 20. Kf1 g5 21. Rd1 c5 22. fxe4 fxe4 23. e3 Bg4 24. Rd2 Nf5 25. Bxg7+ Kxg7 26. Rd7+ Kf6 27. Rxb7 Nxe3+ 28. Kg1 Nxg2 29. Kxg2 Rd8 30. Nf2 Bf3+ 31. Kf1 e3 0-1

[Event "Krasnoyarsk-ch"]
[Site "Krasnoyarsk"]
[Date "2017.02.04"]
[Round "4"]
[White "Lapin, Petr"]
[Black "Pavlov, Oleg Yuryevich"]
[Result "0-1"]
[WhiteElo "2235"]
[BlackElo "2248"]
[PlyCount "62"]
[EventDate "2017.02.01"]
[EventType "swiss"]
[EventRounds "9"]
[EventCountry "RUS"]
[SourceTitle "CBM 176 Extra"]
[Source "ChessBase"]
[SourceDate "2017.03.02"]
[SourceVersion "1"]
[SourceVersionDate "2017.03.02"]
[SourceQuality "1"]

1. e4 e6 2. d4 d5 3. e5 c5 4. c3 Qb6 5. Nf3 Nc6 6. a3 Nh6 7. b4 cxd4 8. Bxh6 gxh6 9. cxd4 Bd7 10. Be2 Rc8 11. 0-0 Bg7 12. Ra2 0-0 13. Qd2 f6 14. exf6 Bxf6 15. Qxh6 Bg7 16. Qh3 Nxd4 17. Nxd4 Qxd4 18. Bg4 Rf6 19. Rd2 Qb6 20. Bf3 Rh6 21. Qg3 Rg6 22. Qh3 Qc7 23. Rfd1 Kh8 24. g3 Rf8 25. Qg2 Rgf6 26. Rd3 R6f7 27. Bh5 Rxf2 28. Qxf2 Rxf2 29. Kxf2 Bb5 30. R3d2 Bh6 31. Rb2 Qe5 0-1

[Event "Krasnoyarsk Region-ch"]
[Site "Krasnoyarsk"]
[Date "2016.10.05"]
[Round "7"]
[White "Dobrovolskiy, Roman"]
[Black "Pavlov, Oleg Yuryevich"]
[Result "1/2-1/2"]
[WhiteElo "2172"]
[BlackElo "2193"]
[PlyCount "133"]
[EventDate "2016.09.29"]
[EventType "swiss"]
[EventRounds "11"]
[EventCountry "RUS"]
[SourceTitle "EXT 2018"]
[Source "ChessBase"]
[SourceDate "2017.10.13"]
[SourceVersion "1"]
[SourceVersionDate "2017.10.13"]
[SourceQuality "1"]

1. b3 c5 2. Bb2 e6 3. e3 Nf6 4. f4 Nc6 5. Nf3 Be7 6. Be2 0-0 7. 0-0 b6 8. h3 Bb7 9. Kh2 d5 10. g4 d4 11. g5 Nd5 12. c4 Nxf4 13. exf4 d3 14. Qe1 dxe2 15. Qxe2 Qd6 16. Qe3 f6 17. gxf6 Bxf6 18. Bxf6 Rxf6 19. Nc3 Qxf4+ 20. Qxf4 Rxf4 21. Ng5 Rxf1 22. Rxf1 Nd4 23. Rf7 Bc6 24. Rc7 Rd8 25. Kg3 h6 26. Nxe6 Nxe6 27. Rxc6 Rxd2 28. Rxe6 Rd3+ 29. Kg4 Rxc3 30. Re7 Rd3 31. Rxa7 Kh7 32. Rb7 Rd6 33. Kf5 Rf6+ 34. Ke5 h5 35. h4 Kh6 36. a3 Rc6 37. Rb8 Kg6 38. Rf8 Kh6 39. Kf5 Kh7 40. Kg5 Rg6+ 41. Kf4 Rg4+ 42. Ke5 Rg3 43. b4 Rxa3 44. bxc5 bxc5 45. Kd5 Rg3 46. Kxc5 Rg4 47. Kd5 Rxh4 48. c5 Rh1 49. Rf4 Rc1 50. c6 Rd1+ 51. Rd4 Rc1 52. Rc4 Rd1+ 53. Ke5 Re1+ 54. Kd6 Rd1+ 55. Kc5 Rd8 56. c7 Rc8 57. Kd6 Kg6 58. Kd7 Rxc7+ 59. Rxc7 Kf5 60. Rc5+ Kf4 61. Ke6 g6 62. Kf6 h4 63. Kxg6 h3 64. Rc4+ Kf3 65. Rc2 Kg3 66. Rc3+ Kg2 67. Ra3 1/2-1/2

[Event "Krasnoyarsk Region-ch"]
[Site "Krasnoyarsk"]
[Date "2016.10.04"]
[Round "6"]
[White "Pavlov, Oleg Yuryevich"]
[Black "Komov, Roman"]
[Result "1-0"]
[WhiteElo "2193"]
[BlackElo "2208"]
[PlyCount "117"]
[EventDate "2016.09.29"]
[EventType "swiss"]
[EventRounds "11"]
[EventCountry "RUS"]
[SourceTitle "EXT 2018"]
[Source "ChessBase"]
[SourceDate "2017.10.13"]
[SourceVersion "1"]
[SourceVersionDate "2017.10.13"]
[SourceQuality "1"]

1. d4 d6 2. Nf3 g6 3. c4 Bg7 4. Nc3 e5 5. g3 exd4 6. Nxd4 Nc6 7. Nxc6 bxc6 8. Bg2 Bd7 9. c5 d5 10. 0-0 Ne7 11. Qa4 0-0 12. Rd1 d4 13. Ne4 Bg4 14. Kf1 h6 15. Bxh6 Bxe2+ 16. Kxe2 Bxh6 17. Rxd4 Nd5 18. Rad1 Bg7 19. R4d2 Qe8 20. Kf1 Rb8 21. Re1 Rb4 22. Qxa7 Qd7 23. Kg1 Rxb2 24. Rxb2 Bxb2 25. Qb7 Bg7 26. Qb3 Re8 27. Rd1 Qf5 28. Qc4 Rb8 29. Qa4 Rb2 30. Qxc6 Nc3 31. Rf1 Rxa2 32. Nxc3 Bxc3 33. Qxc7 Kg7 34. c6 Bd4 35. Qf4 Qxf4 36. gxf4 Rc2 37. Be4 Rc3 38. Rd1 Bb6 39. Rd7 Kf6 40. Bd5 Kf5 41. Rxf7+ Kg4 42. Kg2 g5 43. h3+ Kh5 44. f5 g4 45. hxg4+ Kxg4 46. Rb7 Bd8 47. Rd7 Bf6 48. Be4 Kf4 49. f3 Be5 50. Kf2 Kg5 51. Ke2 Bf4 52. Rg7+ Kf6 53. Rg6+ Ke7 54. Bd5 Re3+ 55. Kf2 Rd3 56. f6+ Kd8 57. Be4 Rd6 58. Rg8+ Kc7 59. f7 1-0

[Event "Krasnoyarsk Region-ch"]
[Site "Krasnoyarsk"]
[Date "2016.10.02"]
[Round "4"]
[White "Pavlov, Oleg Yuryevich"]
[Black "Miroshnichenko, Grigory"]
[Result "1-0"]
[WhiteElo "2193"]
[BlackElo "1920"]
[PlyCount "35"]
[EventDate "2016.09.29"]
[EventType "swiss"]
[EventRounds "11"]
[EventCountry "RUS"]
[SourceTitle "EXT 2018"]
[Source "ChessBase"]
[SourceDate "2017.10.13"]
[SourceVersion "1"]
[SourceVersionDate "2017.10.13"]
[SourceQuality "1"]

1. d4 d5 2. c4 e6 3. Nc3 Nf6 4. Bg5 c6 5. e3 Be7 6. Nf3 Nbd7 7. Qc2 h6 8. Bh4 0-0 9. Rd1 a6 10. a3 dxc4 11. Bxc4 b5 12. Ba2 a5 13. Bb1 g6 14. Bxf6 Bxf6 15. Ne4 Bb7 16. Ne5 Bxe5 17. dxe5 Qc7 18. Rxd7 1-0

[Event "Krasnoyarsk Marchko Memorial"]
[Site "Krasnoyarsk"]
[Date "2015.12.26"]
[Round "8"]
[White "Lapin, Petr"]
[Black "Pavlov, Oleg Yuryevich"]
[Result "0-1"]
[WhiteElo "2143"]
[BlackElo "2186"]
[PlyCount "76"]
[EventDate "2015.12.19"]
[EventType "tourn"]
[EventRounds "9"]
[EventCountry "RUS"]
[SourceTitle "EXT 2018"]
[Source "ChessBase"]
[SourceDate "2017.10.13"]
[SourceVersion "1"]
[SourceVersionDate "2017.10.13"]
[SourceQuality "1"]

1. e4 e6 2. b3 c5 3. Bb2 Nc6 4. f4 d5 5. e5 Nh6 6. Nf3 Be7 7. Na3 Nf5 8. g3 h5 9. c3 Bd7 10. Nc2 Qb6 11. d4 cxd4 12. Nfxd4 Ncxd4 13. Nxd4 Nxd4 14. cxd4 Bb5 15. Bxb5+ Qxb5 16. Qe2 Qa5+ 17. Kf2 h4 18. a4 a6 19. Qd3 Rc8 20. Kg2 Kd7 21. Rhf1 Rc6 22. f5 h3+ 23. Kg1 Bg5 24. Rad1 Kc8 25. fxe6 fxe6 26. Bc1 Bxc1 27. Rxc1 Rxc1 28. Rxc1+ Kb8 29. Kf2 Rf8+ 30. Ke2 g5 31. Rc3 g4 32. Qd2 Ka7 33. Qe1 Qb4 34. Rd3 Qe7 35. Qa5 Qf7 36. Qe1 Qf5 37. Re3 Qc2+ 38. Qd2 Rf2+ 0-1

[Event "Krasnoyarsk Region-ch"]
[Site "Krasnoyarsk"]
[Date "2015.10.18"]
[Round "11"]
[White "Lapin, Petr"]
[Black "Pavlov, Oleg Yuryevich"]
[Result "1-0"]
[WhiteElo "2013"]
[BlackElo "2206"]
[PlyCount "79"]
[EventDate "2015.10.??"]
[EventType "swiss"]
[EventRounds "11"]
[EventCountry "RUS"]
[SourceTitle "CBM 169 Extra"]
[Source "ChessBase"]
[SourceDate "2015.12.18"]
[SourceVersion "1"]
[SourceVersionDate "2015.12.18"]
[SourceQuality "1"]

1. g3 c5 2. Bg2 Nf6 3. f4 g6 4. e4 d6 5. d3 Bg7 6. Nf3 Nc6 7. 0-0 0-0 8. Nc3 Rb8 9. a4 a6 10. h3 b5 11. axb5 axb5 12. g4 b4 13. Ne2 Bb7 14. Rb1 c4 15. Ng3 b3 16. c3 cxd3 17. Qxd3 Qa5 18. Re1 Nd7 19. Be3 Nc5 20. Qd2 Qb6 21. Kh2 Na5 22. Qd1 Nc4 23. Bg1 Qc7 24. Bf1 Na4 25. Bxc4 Qxc4 26. Nd2 Qd3 27. Qe2 Ba6 28. Ra1 Qxe2+ 29. Nxe2 Bxe2 30. Rxa4 Bd3 31. Ra7 e6 32. Rea1 Rfc8 33. Rd7 Rxc3 34. bxc3 b2 35. Raa7 Bxc3 36. Rxf7 Bxe4 37. Rfc7 b1Q 38. Nxb1 Rb2+ 39. Bf2 Rxf2+ 40. Kg1 1-0

[Event "Krasnoyarsk Region-ch"]
[Site "Krasnoyarsk"]
[Date "2015.10.12"]
[Round "5"]
[White "Grigorian, Marine"]
[Black "Pavlov, Oleg Yuryevich"]
[Result "0-1"]
[WhiteElo "2105"]
[BlackElo "2206"]
[PlyCount "74"]
[EventDate "2015.10.??"]
[EventType "swiss"]
[EventRounds "11"]
[EventCountry "RUS"]
[SourceTitle "CBM 169 Extra"]
[Source "ChessBase"]
[SourceDate "2015.12.18"]
[SourceVersion "1"]
[SourceVersionDate "2015.12.18"]
[SourceQuality "1"]

1. d4 Nf6 2. Nf3 g6 3. Nbd2 d5 4. e3 Bg7 5. b4 0-0 6. c4 a5 7. b5 c5 8. Bb2 cxd4 9. Bxd4 e6 10. Be2 b6 11. 0-0 Nbd7 12. cxd5 Nxd5 13. Nc4 Nc3 14. Bxc3 Bxc3 15. Rc1 Bf6 16. Qd6 Be7 17. Qc6 Ra7 18. Rfd1 Rc7 19. Qe4 Bb7 20. Qf4 Qc8 21. Rb1 Bd5 22. Nd6 Bxd6 23. Qxd6 Bxa2 24. Rb2 Bd5 25. Rbd2 Qb7 26. Ng5 Nc5 27. f3 Bb3 28. Qf4 Bxd1 29. Rxd1 f6 30. Nh3 Kg7 31. Bc4 Rd7 32. Rf1 Qc7 33. Qg4 Qe5 34. Re1 Qc3 35. Re2 h5 36. Qh4 Rd1+ 37. Kf2 Rd2 0-1

[Event "Krasnoyarsk Marchko Memorial"]
[Site "Krasnoyarsk"]
[Date "2014.12.24"]
[Round "6"]
[White "Dobrovolskiy, Roman"]
[Black "Pavlov, Oleg Yuryevich"]
[Result "1-0"]
[WhiteElo "2111"]
[BlackElo "2150"]
[PlyCount "53"]
[EventDate "2014.12.20"]
[EventType "tourn"]
[EventRounds "9"]
[EventCountry "RUS"]
[SourceTitle "CBM 164 Extra"]
[Source "ChessBase"]
[SourceDate "2015.03.02"]
[SourceVersion "1"]
[SourceVersionDate "2015.03.02"]
[SourceQuality "1"]

1. e4 c5 2. Nc3 Nc6 3. g3 g6 4. Bg2 Bg7 5. d3 d6 6. f4 Nf6 7. Nf3 0-0 8. 0-0 Rb8 9. h3 b5 10. g4 b4 11. Ne2 a5 12. Rb1 a4 13. b3 axb3 14. axb3 Bb7 15. f5 Ra8 16. Be3 Qc7 17. Qe1 Ra2 18. Rc1 Rc8 19. Qh4 Rb2 20. Bh6 Bh8 21. Nf4 Nd8 22. Qg5 Bg7 23. fxg6 fxg6 24. Bxg7 Kxg7 25. Nh4 Qd7 26. Nfxg6 Nf7 27. Nf5+ 1-0

[Event "Krasnoyarsk Marchko Memorial"]
[Site "Krasnoyarsk"]
[Date "2014.12.23"]
[Round "5"]
[White "Pavlov, Oleg Yuryevich"]
[Black "Ubiennykh, Ekaterina"]
[Result "1-0"]
[WhiteElo "2150"]
[BlackElo "2285"]
[PlyCount "149"]
[EventDate "2014.12.20"]
[EventType "tourn"]
[EventRounds "9"]
[EventCountry "RUS"]
[SourceTitle "CBM 164 Extra"]
[Source "ChessBase"]
[SourceDate "2015.03.02"]
[SourceVersion "1"]
[SourceVersionDate "2015.03.02"]
[SourceQuality "1"]

1. Nf3 Nf6 2. c4 g6 3. Nc3 Bg7 4. d4 0-0 5. e4 d6 6. Be2 e5 7. 0-0 Nc6 8. d5 Ne7 9. b4 a5 10. Ba3 b6 11. bxa5 Rxa5 12. Bb4 Ra8 13. a4 Re8 14. Nd2 Bf8 15. Nb5 c5 16. Bc3 Ba6 17. Qc2 Bh6 18. f4 Bxb5 19. cxb5 Nc8 20. fxe5 Be3+ 21. Kh1 dxe5 22. a5 Nd6 23. axb6 Rxa1 24. Bxa1 Bxd2 25. Qxd2 Nfxe4 26. Qa5 Qh4 27. Qe1 Qxe1 28. Rxe1 f6 29. Bf3 Nf2+ 30. Kg1 Nd3 31. Re2 Rb8 32. Ra2 Nb4 33. Ra7 Rxb6 34. Bg4 Rxb5 35. Be6+ Kf8 36. g4 Nd3 37. h4 Rb1+ 38. Kh2 Ne4 39. Ra8+ Ke7 40. Ra7+ Kd8 41. Bc3 Nb4 42. d6 Nxd6 43. Rd7+ Ke8 44. Rxd6 Ke7 45. Rb6 Rc1 46. Bxb4 cxb4 47. Bb3 f5 48. gxf5 gxf5 49. Re6+ Kf8 50. Rxe5 Rc3 51. Rxf5+ Kg7 52. Bd1 Rd3 53. Bg4 b3 54. Rb5 Kf6 55. Bf5 Rd2+ 56. Kg3 h6 57. Bb1 Rb2 58. Bd3 Kg7 59. Bc4 Kf6 60. Bxb3 Kg7 61. Kg4 Rd2 62. Rb7+ Kf6 63. Rf7+ Ke5 64. Rf5+ Ke4 65. Rf6 Rg2+ 66. Kh5 Ke5 67. Rxh6 Kf5 68. Be6+ Ke5 69. Bg4 Rh2 70. Re6+ Kf4 71. Rf6+ Ke5 72. Rf5+ Ke4 73. Rf7 Rb2 74. Kg6 Ke5 75. h5 1-0

[Event "Krasnoyarsk-ch"]
[Site "Krasnoyarsk"]
[Date "2014.02.06"]
[Round "8"]
[White "Levshenkov, Andrey"]
[Black "Pavlov, Oleg Yuryevich"]
[Result "0-1"]
[WhiteElo "1977"]
[BlackElo "2178"]
[PlyCount "118"]
[EventDate "2014.01.30"]
[EventType "tourn"]
[EventRounds "11"]
[EventCountry "RUS"]
[SourceTitle "EXT 2016"]
[Source "ChessBase"]
[SourceDate "2015.10.08"]
[SourceVersion "1"]
[SourceVersionDate "2015.10.08"]
[SourceQuality "1"]

1. e4 c6 2. d4 d5 3. Nc3 dxe4 4. Nxe4 Bf5 5. Ng3 Bg6 6. Nf3 Nd7 7. Bd3 e6 8. 0-0 Ngf6 9. Re1 Bd6 10. Nf5 Bxf5 11. Bxf5 0-0 12. Bd3 Qc7 13. c4 c5 14. g3 cxd4 15. Nxd4 a6 16. Nf3 Rfd8 17. Qe2 Rac8 18. Bg5 h6 19. Bxf6 Nxf6 20. Rac1 Bc5 21. Bb1 Rd6 22. a3 a5 23. Rcd1 Rcd8 24. Rxd6 Qxd6 25. Ne5 Bd4 26. Nf3 Qc5 27. Kg2 Rd6 28. Rd1 e5 29. Rd2 g6 30. h3 Kg7 31. g4 Nd7 32. Be4 Nf8 33. Bd5 Rxd5 34. cxd5 Qxd5 35. Kh2 Ne6 36. Nh4 Nf4 37. Qf3 Qc5 38. Qxb7 Bxf2 39. Ng2 Ne6 40. Qd5 Bd4 41. Qxc5 Nxc5 42. b4 axb4 43. axb4 Ne4 44. Rd3 Nc3 45. Ne3 Nb5 46. Nd5 f5 47. Rd1 Kf7 48. Rc1 e4 49. Kg2 h5 50. gxf5 gxf5 51. Rc6 h4 52. Nc7 Nxc7 53. Rxc7+ Ke6 54. Rc6+ Kd5 55. b5 f4 56. Rh6 f3+ 57. Kf1 e3 58. b6 e2+ 59. Ke1 Bc3+ 0-1

[Event "Krasnoyarsk City-ch"]
[Site "Krasnoyarsk"]
[Date "2013.10.13"]
[Round "11"]
[White "Pavlov, Oleg Yuryevich"]
[Black "Sergeev, Ilya"]
[Result "0-1"]
[WhiteElo "2187"]
[BlackElo "2053"]
[PlyCount "106"]
[EventDate "2013.10.03"]
[EventType "swiss"]
[EventRounds "11"]
[EventCountry "RUS"]
[SourceTitle "EXT 2014"]
[Source "ChessBase"]
[SourceDate "2013.11.20"]
[SourceVersion "1"]
[SourceVersionDate "2013.11.20"]
[SourceQuality "1"]

1. e4 d6 2. d4 Nf6 3. Nc3 e5 4. Nf3 Nbd7 5. g4 Nxg4 6. Rg1 Ngf6 7. Bc4 exd4 8. Qxd4 c6 9. Bf4 Qb6 10. 0-0-0 Qxd4 11. Rxd4 Nb6 12. Bb3 d5 13. exd5 Nbxd5 14. Bxd5 Nxd5 15. Rxd5 cxd5 16. Nxd5 f6 17. Nc7+ Kf7 18. Nxa8 g5 19. Bg3 h5 20. h4 Bg4 21. Nh2 gxh4 22. Bf4 Bc5 23. Nc7 Bh3 24. Rd1 Bxf2 25. Rd3 Bg4 26. Kd2 Kg6 27. Nd5 Re8 28. Ne3 Re4 29. Bd6 f5 30. c3 Bg1 31. b4 Bxh2 32. Bxh2 f4 33. Rd6+ Kf7 34. Nf1 Re2+ 35. Kd3 Rf2 36. Ke4 Rxf1 37. Bxf4 Re1+ 38. Kd4 h3 39. Be5 Rf1 40. Ke3 Re1+ 41. Kd4 Rf1 42. Bg3 Rf3 43. Be5 Rf2 44. Rh6 h2 45. Bxh2 Rxh2 46. Rh7+ Ke6 47. Rxb7 Rxa2 48. c4 h4 49. Rh7 h3 50. Ke3 Kd6 51. Kf4 Bd7 52. b5 Rc2 53. Rh6+ Kc7 0-1